00464nam a22001577a 450000500170000000800410001704000210005804100080007908200160008710000380010324500620014125000120020326000330021530000100024865000480025820230123112515.0220930b ||||| |||| 00| 0 eng d aIN-DiNCcIN-DiNC dasm a954.02bHUS aHussain, Tachadduk Amanuleauthor aMadhyajugar Bharatar itihas/cby Tachadduk Amanul Hussain a1st ed. aDibrugarh:bBanalata,c2020. a472p. aHistory of ancient and early medieval India